| 000 | 02026nam a2200277 a 4500 | ||
|---|---|---|---|
| 001 | 79956 | ||
| 003 | BD-RjUL | ||
| 005 | 20230110145135.0 | ||
| 008 | 220612s2010 bg a|||| m||| 00| 0 ben d | ||
| 035 | _a(BD-RjUL)79956 | ||
| 040 |
_aBD-RjUL _bben/eng _cBD-RjUL _dBD-RjUL |
||
| 041 | _aben | ||
| 082 |
_223 _a962.000934 _bAZM 2010 |
||
| 100 |
_aআজাদ, মো: আবুল কালাম _92426 |
||
| 245 | 1 | 0 |
_aমুহাম্মদ আলী পাশার সংস্কার কর্মসূচী : _b একটি ঐতিহাসিক পর্যালোচনা (১৮০৫-১৮৪৮) / _cমো: আবুল কালাম আজাদ _6প্রিন্সিপাল সুপারভাইজার : কাজী মো: মোস্তাফিজুর রহমান, কো-সুপারভাইজার : এম. মোখলেছুর রহমান |
| 260 |
_aরাজশাহী : _bইসলামের ইতিহাস ও সংস্কৃতি বিভাগ, রাজশাহী বিশ্ববিদ্যালয়, _c২০১০ |
||
| 300 |
_axvi, ১৩৪ পাতা : _bচিত্র ; _c২৯ সেমি. |
||
| 502 | _aথিসিস (পিএইচ. ডি.) -- ইসলামের ইতিহাস ও সংস্কৃতি বিভাগ, রাজশাহী বিশ্ববিদ্যালয়, ২০১০ | ||
| 504 | _aগ্যন্থপঞ্জি : পাতা ১২৪-১৩০ | ||
| 600 |
_aপাশা, মুহাম্মদ আলী _d১৭৬৯-১৮৪৯ _93544 |
||
| 600 |
_aPasha, Muhammad Ali _d1769-1849 _93545 |
||
| 650 |
_aHistory & criticism _y(1805-1847 AD) _96497 |
||
| 700 |
_aরহমান, কাজী মো: মোস্তাফিজুর, প্রিন্সিপাল সুপারভাইজার _93546 |
||
| 700 |
_aরহমান, এম. মোখলেছুর, কো-সুপারভাইজার _93547 |
||
| 942 |
_2ddc _cTHE |
||
| 999 |
_c79956 _d79956 |
||